00713nam a2200241 a 4500001001300000003000900013005001700022008004100039020001000080082001600090100002400106245003200130260004000162300000800202500003500210505002400245650002000269700002400289902000800313942000700321952012800328999001500456nice12345678IN_TiNIC20260116011933.0050524s1974 dela grp 000 0 eng  ac10000a297.2bMAU1 aMaududi, S Abul Ala aRoad to Peace and Salvation aDelhibMarkazi Maktaba Islamic1974 a30p aincludes index and biblioraphy2 aBibliography, index aIslam-Doctrines1 aMaududi, S Abul Ala bSRS cBK 001040708StackRoom-aHMIbHMId2007-07-06g100.00l1o297.2 MAU1p09692r2019-09-24s2019-09-23v100.00w2005-05-24yBK c4968d4968